[Event "Ostrava"]
[Site "Ostrava"]
[Date "1992.??.??"]
[Round "2"]
[White "Luther, Thomas"]
[Black "Gipslis, Aivars P"]
[Result "0-1"]
[WhiteElo "2435"]
[BlackElo "2465"]
[Annotator "Stohl,I"]
[PlyCount "108"]
[EventDate "1992.09.??"]
[EventType "tourn"]
[EventRounds "11"]
[EventCountry "CZE"]
[EventCategory "9"]
[SourceTitle "CBM 033"]
[Source "ChessBase"]
[SourceDate "1993.04.01"]
[SourceVersion "1"]
[SourceVersionDate "1993.04.01"]
[SourceQuality "1"]

1. e4 d6 2. d4 Nf6 3. Nc3 g6 4. f4 Bg7 5. Nf3 O-O 6. Bd3 Nc6 7. O-O e5 8. fxe5
dxe5 9. d5 Nd4 10. Qe1 $6 (10. Nxe5 Nxe4 $5 (10... Nxd5 11. Nxd5 Bxe5 12. Bf4
Nc6 (12... Qd6 13. Qd2 f6 $6 14. Bxe5 Qxe5 15. Qf4 Qxf4 16. Rxf4 Kg7 17. Raf1
$16 {Ljubojevic,L-Parma,B,JUG-ch 1982}) 13. Qd2 Be6 14. Bxe5 Nxe5 15. Nf6+ Kg7
16. Qf4 Qd4+ 17. Kh1 Rad8 18. Qh4 h6 19. Qg3 Rd6 $13 {Mednis,E-Kaiszauri,K,
Reykjavik 1982}) 11. Bxe4 Bxe5 12. Bf4 Bxf4 (12... Bg7 $6 13. Qd2 Re8 14. Rae1
c6 15. Kh1 $1 f5 16. Bd3 Rxe1 17. Rxe1 cxd5 18. Bg5 Qf8 19. Nxd5 $40 {
Winterstein,W-Brewttschneider,S,Baden Baden op 1991}) 13. Rxf4 Nf5 14. Bxf5 (
14. Rf2 Nd6 15. Bd3 Bd7 16. Qf3 f5 17. Re2 Qf6 $10 {Van Wijgerden,C-Donner,JH,
Amsterdam 1977}) 14... Bxf5 15. Qd4 $5 (15. Qd2 Qd6 16. Raf1 Rae8 $10 {
Bisguier,A-Timman,J,Lone Pine 1978}) 15... Bxc2 16. Raf1 Qe7 17. Qd2 Bf5 18. g4
Bc8 19. d6 Qxd6 20. Rd4 Qe5 21. Nd5 $44 {Polgar,J-Stohl,I,Brno 1991-CBM 26})
10... Ne8 $1 {N} (10... Nxf3+ 11. Rxf3 Bg4 12. Rf2 Nh5 13. Be3 a6 14. Qd2 Qd6
15. Raf1 Bd7 16. Ne2 $16 {Dovzik,J-Calvo,JM,Cannes op 1992-TD 92_04}) 11. Be3
Nd6 {/\f5|^} 12. Ne2 (12. Qf2 f5 $1 $15) 12... Nxf3+ 13. gxf3 (13. Rxf3 f5 14.
Nc3 Bd7 $15 {/\f4,g5-g4}) 13... Bh3 (13... f5 $5 $40) 14. Rf2 f5 $36 15. Kh1 $8
{/\Ng1} f4 (15... Bf6 $2 16. Ng1 f4 17. Nxh3 fxe3 18. Qxe3 $16) (15... fxe4 16.
fxe4 $13 {/\c4-c5}) 16. Bd2 Bf6 17. Ng1 Bd7 18. Qf1 Nf7 19. Bb5 (19. c4 $142
Be7 20. b4 a5 $5 21. a3 axb4 22. axb4 c5 $5 $13) 19... Bc8 $1 20. c4 Be7 21. b4
$8 a6 22. Ba4 b5 $1 $15 23. Bb3 (23. cxb5 Bd7 $17 {/\Nd6,ab5}) 23... bxc4 24.
Qxc4 Bd6 25. Ba4 Qe7 26. Be1 g5 (26... Rb8 $5 $15) 27. Rg2 h5 28. Bc6 Rb8 29.
a4 Kh7 (29... Nd8 $2 30. Bh4 $16) (29... Bxb4 $6 30. Rb2 a5 31. Bxb4 Rxb4 (
31... axb4 32. a5 $44) 32. Rxb4 Qxb4 33. Qxb4 axb4 34. Rb1 $13) 30. b5 Nd8 $1 (
30... axb5 31. axb5 {<=><->a}) 31. bxa6 Nxc6 32. Qxc6 (32. dxc6 Ra8 $17) 32...
Rb6 33. Qc2 Rxa6 34. a5 Bd7 $17 {/\g4,׻,^^} 35. Rb1 Rfa8 36. Qd3 Kh6 37. Rgb2
(37. Rb8 $2 Rxa5 $1 $19) 37... g4 38. Rb8 Kg7 39. Qb3 (39. Rxa8 Rxa8 40. a6 Bc5
$17 {/\Qd6}) 39... Bc5 40. Rxa8 Rxa8 41. Bc3 (41. Qb7 Ra7 $40) 41... Bc8 $1 42.
Qb2 Bd6 43. Qd2 {/\Qf4} Kh7 44. Rb3 Ba6 {/\Rg8,Qg7-g6} 45. Bb4 Bxb4 46. Qxb4
Qg7 $1 $40 47. Qe1 Rg8 48. Rb2 $8 (48. fxg4 Qxg4 49. Qf2 Qd1 $19) 48... Qg6 49.
Rg2 (49. fxg4 Bd3 $19) 49... Qf6 50. Qf2 (50. fxg4 hxg4 $17 {><e4,h2}) 50...
Rg7 51. Qe1 Qg6 52. Rd2 $6 (52. Qf2 Bd3 $17) 52... gxf3 53. Nxf3 Bd3 $1 $19 54.
Re2 $8 (54. Rxd3 Qg2#) 54... Bxe4 $1 (54... Bxe2 $6 55. Qxe2 $17) (54... Bxe4
55. Qf1 Bxf3+ 56. Qxf3 Qg1# {[Stohl]}) 0-1

[Event "Hafnarfirdi"]
[Site "Hafnarfirdi"]
[Date "1992.??.??"]
[Round "8"]
[White "Thorhallsson, Throstur"]
[Black "Gretarsson, Helgi Ass"]
[Result "1/2-1/2"]
[WhiteElo "2425"]
[BlackElo "2350"]
[Annotator "Stohl,I"]
[PlyCount "206"]
[EventDate "1992.03.??"]
[EventType "tourn"]
[EventRounds "11"]
[EventCountry "ISL"]
[EventCategory "7"]
[SourceTitle "CBM 029"]
[Source "ChessBase"]
[SourceDate "1992.08.01"]
[SourceVersion "1"]
[SourceVersionDate "1992.08.01"]
[SourceQuality "1"]

1. d4 g6 2. e4 Bg7 3. Nc3 d6 4. f4 Nf6 5. Nf3 c5 6. Bb5+ Bd7 7. e5 Ng4 8. h3 $5
(8. e6 fxe6 $5 9. Ng5 Bxb5 10. Nxe6 Bxd4 $1 $13) 8... cxd4 (8... Bxb5 9. Nxb5
dxe5 (9... cxd4 10. Qxd4 {-8...cd4}) (9... Qa5+ 10. Nc3 cxd4 11. Qxd4 Nh6 12.
Bd2 (12. g4 $142 $1 Nc6 13. Qe4 $14 {(),פh6}) 12... Nc6 13. Qd5 Qxd5 14. Nxd5
O-O-O 15. O-O-O dxe5 16. Bc3 Nf5 17. Nxe5 Nxe5 18. fxe5 e6 $10 {Zimmersman,
R-Kunszt,K,HUN-chT 1991-TD91_05}) 10. hxg4 (10. Qe2 e4 11. hxg4 (11. Qxe4 Qa5+
12. Nc3 Nc6 $36) 11... exf3 12. Qxf3 {Coleman,D-Pein,M,BCF-ch 1988-TD88_02} Nc6
$15) 10... Qa5+ 11. c3 Qxb5 (11... e4 12. Qe2 exf3 13. Nd6+ Kd7 14. Nxb7 $1 $16
) 12. dxe5 Nc6 {Coleman,D-Walker,GB-ch Eastbourne 1991} 13. Qe2 $14 {_|_<->h()}
) 9. Qxd4 Nh6 $5 (9... Bxb5 10. Nxb5 Qa5+ $2 11. Qc3 $1 Qxc3+ 12. bxc3 $18) (
9... dxe5 10. Qd5 (10. Qc4 $6 e4 11. hxg4 exf3 12. gxf3 Nc6 13. Bd2 a6 14. Bxc6
Bxc6 15. Qe2 Qc7 16. O-O-O O-O-O 17. Ne4 Qb6 18. Bc3 $10 {Klovans-Gofshtein,
URS-ch OT 1976}) 10... e4 11. Ng5 Nh6 12. Qxb7 Bxc3+ 13. bxc3 Bxb5 14. Qxa8 Bc6
15. Qxa7 $14 {Sigurjonsson,G-Vogt,L,Cienfuegos 1976}) 10. Bxd7+ (10. g4 $5 $14)
(10. Bd2 Nf5 11. Qf2 Bxb5 12. Nxb5 a6 13. Nc3 dxe5 14. fxe5 Nc6 $132) 10...
Qxd7 {N} (10... Nxd7 11. g4 $36) 11. g4 Nc6 12. Qe4 O-O 13. Bd2 dxe5 14. fxe5
Qe6 (14... f5 $142 $5 15. exf6 exf6 16. O-O-O Nf7 17. Bf4 $36) 15. O-O-O f5 $8
16. exf6 Qxe4 17. Nxe4 exf6 18. Nc5 $16 {/\Ne6,Nb7} Rae8 19. Rhe1 (19. Nxb7 $5
Rb8 20. Nc5 f5 21. Bxh6 Bxh6+ 22. g5 Bg7 23. c3 $16) 19... Rxe1 20. Rxe1 f5
$132 21. g5 Nf7 22. Bf4 (22. Nxb7 $2 Rb8 $15) (22. Ne6 Re8 23. Nxg7 Rxe1+ 24.
Bxe1 Kxg7 $15) 22... b6 23. Nd3 Rc8 $10 24. Kd2 Nfd8 (24... Kf8 $5 $10 {/\Re8})
25. b4 a5 (25... Nxb4 26. Nxb4 Bc3+ 27. Kd1 Bxb4 28. Re8+ Kf7 29. Rh8 $146) 26.
bxa5 $5 (26. a3 axb4 27. axb4 $13) 26... Nxa5 27. Re7 Ndc6 28. Rd7 Rd8 29. Rc7
Nb4 30. Be5 $14 Bxe5 31. Nfxe5 Nd5 32. Ra7 Rd6 33. Nf7 Re6 34. Nde5 (34. Nh6+
Kf8 35. Rxh7 Nc4+ $146) 34... Nc6 35. Nxc6 Rxc6 36. Nh6+ Kf8 37. Rxh7 Nb4 $132
38. Rf7+ Ke8 39. c3 (39. Rf6 Rxc2+ 40. Kd1 $8 Rh2 $10) 39... Nxa2 40. Rf6 Rxc3
41. h4 (41. Rxb6 Rxh3 42. Rxg6 Nc3 $10) 41... Rh3 42. Rxg6 Rxh4 43. Nxf5 Rh2+
44. Kd3 Rg2 45. Rg7 Nb4+ 46. Kd4 Kf8 (46... Nc6+ $5 47. Kd5 Nd8 48. g6 Kf8 49.
Ke5 Rg5 $10) 47. Rg6 Nc6+ $1 48. Rxc6 (48. Kd5 Ne7+ 49. Nxe7 Kxe7 $10) 48...
Rxg5 $10 49. Ke5 Ke8 50. Rd6 Rg1 51. Kf6 Rf1 52. Rd5 b5 $5 53. Rxb5 Kd7 54. Rc5
Re1 55. Rc3 Re6+ 56. Kg5 Re1 57. Kf4 Re8 58. Rc1 Rc8 59. Rd1+ Kc7 60. Nd6 Rh8
61. Ke5 Rh6 62. Rc1+ Kb6 63. Ne4 Rh5+ 64. Kd4 Rh4 65. Rc4 Rh1 66. Rc2 Rh4 67.
Rc8 Rh1 68. Nd6 Rd1+ 69. Ke5 Re1+ 70. Kd5 Rd1+ 71. Ke6 Rh1 72. Nf5 Re1+ 73. Kd7
Rd1+ 74. Nd6 Rh1 75. Rc6+ Ka5 76. Rc4 Kb6 77. Nf5 Kb5 78. Rc2 Rd1+ 79. Ke6 Kb6
80. Ke5 Rh1 81. Kd5 Rh5 82. Rf2 Kc7 83. Rf4 Kb6 84. Kc4 Kc6 85. Ne7+ Kd6 86.
Ng6 Rc5+ 87. Kd4 Rd5+ 88. Ke4 Rd1 89. Rf6+ Kc5 90. Rf5+ Kd6 91. Nf4 Re1+ 92.
Kd4 Rd1+ 93. Nd3 Ke6 94. Rf2 Rh1 95. Nc5+ Ke7 96. Kd5 Rh5+ 97. Kc6 Rh1 98. Re2+
Kf7 99. Ne4 Rd1 100. Nd6+ Kf6 101. Kd7 Ra1 102. Re6+ Kg5 103. Nf7+ Kf4 {[Stohl]
} 1/2-1/2

[Event "Taastrup"]
[Site "Taastrup"]
[Date "1992.??.??"]
[Round "?"]
[White "Hector, Jonny"]
[Black "Van Wely, Loek"]
[Result "1-0"]
[WhiteElo "2535"]
[BlackElo "2560"]
[Annotator "Stohl,I"]
[PlyCount "113"]
[EventDate "1992.02.??"]
[EventType "tourn"]
[EventRounds "9"]
[EventCountry "DEN"]
[EventCategory "13"]
[SourceTitle "CBM 028"]
[Source "ChessBase"]
[SourceDate "1992.06.01"]
[SourceVersion "1"]
[SourceVersionDate "1992.06.01"]
[SourceQuality "1"]

1. e4 d6 2. d4 g6 3. Nc3 Bg7 4. f4 Nf6 5. Nf3 c5 6. dxc5 Qa5 7. Bd3 Qxc5 8. Qe2
Bg4 9. Be3 Qa5 10. O-O O-O 11. h3 Bxf3 12. Qxf3 Nc6 13. Kh1 (13. a3 Nd7 14. Bd2
Qd8 $5 (14... Qb6+ 15. Kh1 Nc5 16. Rab1 Nxd3 17. cxd3 f5 18. g4 e6 19. gxf5
exf5 20. Nd5 Qd8 $1 21. Bc3 Ne7 22. e5 dxe5 23. Nxe7+ Qxe7 24. Bb4 Qf7 25. Bxf8
Rxf8 26. fxe5 Bxe5 $146 {Glek,I-Chernin,A,Neu Isenburg 1991}) 15. Kh1 e6 16.
Bc4 Nd4 17. Qd1 d5 $1 18. exd5 Nb6 19. Ba2 (19. Bd3 $142 $10) 19... exd5 20.
Ne2 Nf5 21. Rf3 Nc4 $36 {Campora,D-Chernin,A,San Bernardino op 1991}) 13... Nb4
$6 {N} (13... Nd7 14. Bd2 Nc5 15. Rad1 Nxd3 $1 (15... Qb6 16. Bc1 Bxc3 $2 17.
bxc3 Qa5 18. Bc4 Qa4 19. Qe2 Na5 20. Bd5 e6 21. Rd4 Qd7 22. Bb3 $16 {
Kindermann,S-Khalifman,A,Hamburg SKA 1991-CBM 24}) 16. cxd3 e6 17. a3 (17. f5
exf5 18. exf5 Nd4 19. Ne2 Nxf3 20. Bxa5 Nd4 $10) 17... f5 18. g4 Qb6 19. gxf5
exf5 20. b4 Nd4 21. Qf2 (21. Qg2 $142 $13) 21... Qc6 $1 22. Nd5 Rae8 $15 {
Tischbierek,R-Gurevich,M,Oostende op 1991-EXP 26}) 14. a3 Nxd3 15. cxd3 Nd7 (
15... e6 16. f5 $36) 16. Bd2 Rac8 17. f5 $36 {->>>} e6 18. Qg3 (18. fxe6 $6
fxe6 19. Qg4 Rce8 $10) 18... Qb6 19. Rab1 Rfe8 (19... Rce8 {/\} 20. Bg5 Bf6 21.
Bh6 Bg7 22. Qh4 $36) 20. Bg5 $1 Ne5 (20... f6 21. fxe6 Rxe6 22. Nd5 $16) (20...
Qd4 21. Ne2 (21. Nb5 $6 Qc5 22. Nxd6 Be5 $19) 21... Qe5 22. Bf4 $16) 21. f6 Bh8
22. Be3 $16 {ץh8} Qa6 23. d4 Nc4 24. Qf2 Qb6 (24... Nxa3 $4 25. Ra1 $18) 25.
Qe2 {/\Bg1,e5} Nxe3 $8 26. Qxe3 Rc4 (26... e5 27. Nd5 Qxd4 28. Qxd4 exd4 29.
Ne7+ Rxe7 30. fxe7 Re8 31. Rbc1 Rxe7 32. Rc8+ Kg7 33. Rd8 Rxe4 34. Rd7 $16) 27.
Ne2 Rec8 (27... e5 28. Qd3 Rec8 29. dxe5 dxe5 30. Nc3 $16 {/\Nd5}) 28. Qd3 Qd8
29. Qf3 {/\e5} Rc2 {/\Qf6!} 30. e5 $8 Qb6 31. Qd3 dxe5 32. dxe5 Rxb2 33. Rxb2
Qxb2 34. Rd1 {/\Qd8+-} h5 35. Qd7 Ra8 36. Nd4 Qxa3 37. Nf3 b6 38. Qe7 Qc5 39.
Rd7 Rf8 40. Rxa7 Qc1+ (40... Qxe7 41. Rxe7 {/\Rb7,Ng5+-,ץh8} (41. fxe7 Re8 42.
Rd7 Kg7 $10 {/\f6})) 41. Ng1 Qc5 42. Rd7 g5 (42... Qxe5 $4 43. Qxf8+ $18) 43.
Ne2 Kh7 {/\Qe7} 44. Rd6 $1 Qc8 $8 45. Rxb6 $18 Kg6 46. Rb7 Qd8 47. Qb4 Kh6 48.
Kh2 Kg6 49. h4 $40 gxh4 50. Qe4+ Kh6 51. Qe3+ Kg6 52. Nf4+ Kf5 (52... Kh7 53.
Qf3 $18) 53. Nxh5 Qd1 54. Ng7+ Kg6 (54... Bxg7 55. fxg7 Rg8 56. Rxf7+ Kg6 57.
Rf6+ $18) 55. Qe4+ Kg5 56. Rb4 Bxg7 57. fxg7 (57. fxg7 Rg8 58. Qf4+ Kg6 59.
Qf6+ $18 {[Stohl]}) 1-0

[Event "Lazne Bohdanec"]
[Site "Lazne Bohdanec"]
[Date "1994.??.??"]
[Round "5"]
[White "Rogers, Ian"]
[Black "Pribyl, Josef"]
[Result "1/2-1/2"]
[WhiteElo "2565"]
[BlackElo "2395"]
[Annotator "Stohl,I"]
[PlyCount "73"]
[EventDate "1994.02.??"]
[EventType "tourn"]
[EventRounds "11"]
[EventCountry "CZE"]
[EventCategory "10"]
[SourceTitle "CBM 040"]
[Source "ChessBase"]
[SourceDate "1994.06.01"]
[SourceVersion "1"]
[SourceVersionDate "1994.06.01"]
[SourceQuality "1"]

1. e4 d6 2. f4 g6 3. Nf3 Bg7 4. Nc3 Nf6 (4... c5 {-B2}) 5. d4 O-O 6. Bd3 Na6 (
6... Nc6 7. e5 dxe5 8. fxe5 Nh5 9. Ne2 Bg4 (9... f6 $142 $5 $132) 10. c3 Bxf3
11. gxf3 e6 12. O-O Ne7 13. f4 Nd5 14. Be4 c6 15. Ng3 $1 Nxg3 16. hxg3 Qc7 17.
Kg2 Rad8 18. Qe2 c5 19. c4 Nb6 20. dxc5 $16 {Wells,P-Dao Thien Hai/Budapest
FebGM/1994/}) 7. O-O c5 8. d5 Rb8 (8... Bg4 9. Kh1 Bxf3 10. Rxf3 Nc7 11. a4 e6
12. dxe6 fxe6 13. Qe1 Nd7 $6 (13... Qe7 $5 14. Bd2 Rae8 $13) 14. Bd2 Kh8 15.
Rh3 {/\e5} e5 16. Qg3 Qe8 17. Nb5 $1 Nxb5 18. Bxb5 Qf7 19. Rxh7+ $1 Kxh7 20.
Qh3+ Bh6 21. fxe5 Qg7 22. Bxd7 dxe5 23. Bg5 $44 {Jonkman,H-Reinderman,D/Wijk-B/
1994/}) 9. a3 (9. e5 $5 Ne8 (9... dxe5 $2 10. Bxa6 $1 bxa6 (10... e4 11. Ne5
$16) 11. fxe5 Ng4 12. Qe2 $16 {[+]()}) (9... Nd7 10. e6 fxe6 11. dxe6 Nb6 12.
Ng5 c4 13. Be2 Nc5 14. Bg4 Rf6 15. Be3 Nxe6 16. Nd5 $1 Nxg5 17. Bxb6 axb6 18.
Nxf6+ Bxf6 19. fxg5 Bxb2 20. Rb1 Be5 21. Qd5+ Kh8 22. Be6 $36 {Prie,E-Sarno,S/
Debrecen EU-chT/1992/}) 10. Kh1 (10. e6 $6 fxe6 11. dxe6 Nac7 12. Ng5 Bd4+ 13.
Kh1 Ng7 14. f5 gxf5 15. Bxf5 Nxf5 16. Nf7 Qe8 17. Rxf5 Bxe6 18. Nh6+ Kh8 19.
Rxf8+ Qxf8 20. Bg5 Qg7 21. Qh5 Rf8 $19 {Almasi,Z-Fridmans,Z/Duisburg WchJ/1992/
}) 10... Nac7 11. a4 a6 12. a5 Bg4 13. Qe1 Bxf3 14. Rxf3 e6 (14... dxe5 15.
fxe5 Nxd5 16. e6 $5 $13) 15. dxe6 Nxe6 16. f5 Nd4 17. f6 Nxf3 18. gxf3 Nxf6 19.
exf6 Bxf6 20. Nd5 Be5 21. f4 $14 {Luther,T-Hickl,J/GER-ch Wildbad/1993/}) (9.
Qe2 Nc7 10. a4 a6 11. a5 e6 12. dxe6 Nxe6 13. f5 Nd4 14. Nxd4 cxd4 15. Nd5 Nxd5
16. exd5 Be5 17. Qf3 Qh4 18. g3 Qh3 19. fxg6 hxg6 20. Bxg6 Bg4 21. Bf5 {
1/2:1/2/Suetin,A-Laketic,G/Moscow4/1992/} Bxf3 22. Bxh3 Bxd5 $13) 9... Nc7 (
9... b5 $5 10. e5 (10. Qe1 $142 $13) 10... dxe5 11. Nxe5 c4 12. Be2 Qb6+ 13.
Kh1 Bb7 14. a4 b4 15. Nxc4 Qd8 16. Nb5 Bxd5 17. Be3 Rb7 18. Ne5 Nc7 $15 {
Tzioufas,K-Gurieli,N/Katerini GP/1993/}) 10. Qe1 Bg4 11. Qh4 b5 12. Ng5 (12. e5
$6 Bxf3 13. Rxf3 (13. exf6 Bxf6 $19) 13... dxe5 14. fxe5 Nfxd5 $17) (12. f5 $5
c4 (12... gxf5 13. exf5 c4 14. Be4 Nxe4 15. Qxg4 Nf6 16. Qg3 Kh8 17. Rd1 a5 18.
Ng5 b4 19. Ne2 Ncxd5 20. Kh1 Qb6 21. Nd4 Ne4 22. Nxe4 Bxd4 23. Qh4 Nf6 24. axb4
axb4 25. Ng5 $44 {Rogers,I-Ftacnik,L/Sydney Mercantile/1991/}) 13. Be2 gxf5 14.
h3 Bxf3 15. Rxf3 $13) 12... h6 13. Nxf7 (13. Nf3 c4 14. Be2 e6 $132) 13... Rxf7
14. e5 Bf5 $1 (14... Nfxd5 $2 15. Qxg4 $40) 15. exf6 Bxf6 16. Qg3 (16. Qxh6 $2
Rh7 $19) 16... Kh7 17. Bxf5 gxf5 18. Qd3 Qd7 19. Ne2 Rg8 $10 20. c3 Rfg7 21.
Rf2 (21. Ng3 $6 Kh8 {/\Bh4}) 21... Bh4 $5 22. g3 $8 Bf6 23. Be3 a5 24. b4 $5 c4
(24... axb4 $6 25. axb4 cxb4 26. Ra7 $1 $36 {/\Bb6,cb4,Nd4}) (24... cxb4 25.
axb4 a4 26. Nd4 $16) 25. Qd2 Ra8 $1 26. bxa5 (26. Rb1 axb4 27. axb4 Ra3 $10)
26... Rxa5 27. Bb6 Ra6 28. Bxc7 Qxc7 29. Nd4 Bxd4 $1 $8 30. Qxd4 Qa7 31. Qxa7
Rxa7 32. Rb2 Ra5 33. Kf2 h5 34. Re2 h4 $5 (34... Kg8 $10) 35. gxh4 (35. Re3
$142 $10) 35... Ra7 $1 36. h3 Kh6 $44 37. Re3 (37. Re3 Kh5 38. Rg3 Rxg3 39.
Kxg3 Ra8 $15) (37. Rb2 $5 Ra5 38. Rb4 $10) 1/2-1/2

[Event "Hastings 9192"]
[Site "Hastings"]
[Date "1991.??.??"]
[Round "7"]
[White "Bareev, Evgeny"]
[Black "Speelman, Jonathan S"]
[Result "1-0"]
[WhiteElo "2680"]
[BlackElo "2630"]
[Annotator "Stohl,I"]
[PlyCount "67"]
[EventDate "1991.12.??"]
[EventType "tourn"]
[EventRounds "14"]
[EventCountry "ENG"]
[EventCategory "14"]
[SourceTitle "CBM 027"]
[Source "ChessBase"]
[SourceDate "1992.04.01"]
[SourceVersion "1"]
[SourceVersionDate "1992.04.01"]
[SourceQuality "1"]

1. d4 {Ernst} d6 2. e4 Nf6 3. Nc3 g6 4. f4 Bg7 5. Nf3 O-O 6. Bd3 Na6 7. O-O (7.
e5 Nd7 (7... dxe5 8. dxe5 Nd5 9. Nxd5 Qxd5 10. Qe2 Bf5 11. Bxf5 gxf5 12. O-O f6
13. exf6 Bxf6 14. Be3 Rad8 15. Bxa7 $5 $14 {Van der Sterren,P-Haik,A,Budel zt
1987-CBM 03}) (7... Ng4 $5 8. h3 Nh6 9. g4 (9. Ne4 $6 Nb4 10. Be3 Nxd3+ 11.
Qxd3 Bf5 12. g4 d5 $1 13. gxf5 dxe4 14. Qxe4 Nxf5 $15 {Dam,R-Piket,M,Amsterdam
OHRA II 1990-CBM 20}) 9... c5 (9... f6 $5 $132) 10. d5 Nc7 11. Bc4 Kh8 12. O-O
b6 13. a4 a6 14. Rb1 Bd7 15. Qe2 Qe8 16. b4 b5 17. bxc5 bxc4 18. c6 {Palatnik,
S-Vasiukov,E,Palma GMA-op 1989-TD 89_13} Bxc6 $15) (7... Ne8 8. Be3 c5 9. dxc5
(9. Be4 Qa5 10. a3 cxd4 11. b4 $6 Qd8 12. Qxd4 Nb8 13. Rd1 Nc6 14. Qd2 Bg4 $36
{Krpelan,W-Kudishev,L,Vienna op 1991-EXP 25}) 9... Nxc5 10. Bxc5 (10. Bxg6 $5
$14) 10... dxc5 11. Qe2 Qa5 12. h4 $40 {Semeniuk-Tseitlin,Mi,Moscow 1975}) 8.
Be3 Nb6 (8... c5 9. Bxa6 cxd4 10. Bxd4 dxe5 11. fxe5 bxa6 12. e6 $1 fxe6 13.
Bxg7 Kxg7 14. Qd4+ $14 {Timman,J-Nunn,J,Wijk 1982}) 9. a3 c5 10. Bxa6 cxd4 11.
Bxd4 bxa6 12. exd6 Qxd6 13. Bxg7 Qxd1+ 14. Rxd1 Kxg7 15. Rd4 Bf5 16. Kd2 Rfc8 {
1/2:1/2,Van der Wiel,J-Short,N,Marbella 1982}) 7... Rb8 $5 {N} (7... c5 8. d5
Rb8 9. Kh1 (9. a3 $5 $14) 9... Bg4 10. Qe1 Nb4 11. Qh4 b5 12. a3 Nxd3 13. cxd3
a5 14. f5 b4 15. Nd1 gxf5 16. Bh6 Bxh6 17. Qxh6 Bxf3 18. Rxf3 Kh8 19. Ne3 $2 (
19. Rxf5 bxa3 $132) 19... fxe4 20. Rh3 Rg8 21. Rf1 Rg6 22. Qh4 Qg8 $17 {
Wells,P-Hodgson,J,Eastbourne ch-GB 1991}) 8. e5 Ne8 9. a3 (9. Be3 $5 Nb4 (9...
c5 10. dxc5 Nxc5 11. Bxg6 $1 hxg6 12. Bxc5 $16) 10. Bc4 Bf5 11. Bb3 $14) 9...
c5 10. Be3 (10. d5 $6 Nac7 $36 {/\de5,e6}) 10... cxd4 11. Bxd4 dxe5 12. fxe5 {
()} b6 (12... Bg4 $142 $5 13. Bxa7 Ra8 14. Bf2 Bxe5 $13 {/\} 15. Bxa6 Qxd1 16.
Rfxd1 Bxf3 17. gxf3 bxa6) 13. Ne4 (13. Bc4 Nac7 $13 {/\Be6}) 13... Nec7 (13...
Nac7 14. Qe2 Ne6 15. Be3 N8c7 16. c4 $36 {()}) 14. b4 $1 {פa6} Ne6 15. Be3
Nac7 16. c4 f5 17. exf6 exf6 18. c5 $1 (18. Rc1 f5 $13 {<=>}) 18... f5 19. Nd6
bxc5 20. bxc5 Bxa1 (20... Ba6 21. Rc1 Bxd3 22. Qxd3 $16) 21. Qxa1 $146 Rb3 (
21... Qf6 22. Ne5 {/\Bh6,Bc4,Nc6->}) 22. Rd1 Ba6 (22... f4 23. Bf2 Ba6 24. Bxa6
Nxa6 25. Nf7 Rxf7 $8 26. Rxd8+ Nxd8 27. h4 {/\Qe5,Bd4+-}) 23. Bxa6 Rxe3 (23...
Nxa6 24. Nf7 (24. Bh6 {Ernst 24.Sxf5 Df6!.} Rf6 (24... Naxc5 $1 {Ernst} 25. Nd4
$5 (25. Nxf5 $1 {Ernst} Qf6 26. Bxf8 $10) 25... Qb6 $1 {25.-Dxd6? 26.Sxe6+-}
26. Bxf8 Nd3 $3 {Sonst folgt 27.Sc4 +-.} 27. Bh6 Nxd4 $19) 25. Ne4 $1 $18)
24... Rxf7 (24... Kxf7 25. Rxd8 Rxd8 26. Ng5+ Nxg5 27. Bxg5 $40) (24... Qxd1+
$1 {Ernst} 25. Qxd1 Rxe3 $15) 25. Rxd8+ Nxd8 26. Qe5 $18) 24. Nxf5 gxf5 (24...
Qf6 $142 25. Qxf6 Rxf6 26. Nxe3 Nxa6 27. c6 $16) 25. Rxd8 Rxd8 26. Bc4 $18 Re4
27. Qc3 {/\Ng5} Nd5 28. Qb3 Nec7 $8 (28... Re3 29. Qb7 $18) 29. c6 Kf8 30. Ng5
Re3 31. Qb7 {/\Bd5+-} Re7 32. Qb2 $1 Rg7 (32... Kg8 33. Qf6 Rde8 34. Qd6 $18)
33. Bxd5 Rxd5 (33... Nxd5 34. Ne6+ $18) 34. Qb8+ (34. Qb8+ {Ernst} Ke7 35.
Qxc7+ Kf6 36. Qf4 Rxg5 37. c7 Rg8 38. Qc4 Rd1+ 39. Kf2 Rc8 40. Qa6+ $18) 1-0

[Event "Biel"]
[Site "Biel"]
[Date "1992.??.??"]
[Round "3"]
[White "Shirov, Alexei"]
[Black "Hansen, Curt"]
[Result "1/2-1/2"]
[WhiteElo "2710"]
[BlackElo "2635"]
[Annotator "Stohl,I"]
[PlyCount "82"]
[EventDate "1992.07.??"]
[EventType "tourn"]
[EventRounds "14"]
[EventCountry "SUI"]
[EventCategory "16"]
[SourceTitle "CBM 031"]
[Source "ChessBase"]
[SourceDate "1992.12.01"]
[SourceVersion "1"]
[SourceVersionDate "1992.12.01"]
[SourceQuality "1"]

1. d4 d6 2. e4 g6 3. Nc3 Bg7 4. f4 Nc6 5. Be3 Nf6 6. Nf3 O-O 7. Be2 (7. d5 Nb8
8. Be2 c6 9. O-O cxd5 10. exd5 Nbd7 11. Kh1 Qa5 12. a3 Ng4 13. Bd4 Bxd4 14.
Qxd4 Qb6 15. Qxb6 Nxb6 16. Nd4 Nf6 17. Rfe1 a6 18. Bf3 Re8 19. Ne4 Nfxd5 20.
Nxd6 $10 {Donchev,D-Smejkal,J,Bratislava 1983}) (7. e5 Ng4 8. Bg1 dxe5 $1 9.
dxe5 (9. fxe5 Nh6 $8 (9... Bh6 $2 10. Qe2 Bg7 11. h3 Nh6 12. d5 Nb4 13. O-O-O
b6 14. a3 Na6 15. g4 Qd7 16. Be3 Kh8 17. Qd2 Ng8 18. Bb5 $16 {[+],Palac,
M-Garabedian,V,Cannes op 1990}) 10. Qe2 Bf5 11. a3 Bg4 12. O-O-O Nf5 13. Qe4
Bxf3 14. gxf3 e6 15. Bh3 $13 {1/2:1/2,Sax,G-Azmaiparashvili,Z,Manila olm 1992})
9... Qxd1+ 10. Rxd1 f6 11. Bc4+ Kh8 12. exf6 exf6 13. h3 Re8+ 14. Kf1 Nh6 15.
g4 Na5 $1 16. Bb5 $6 c6 17. Bd3 Be6 18. Rh2 Nc4 19. Rb1 f5 $15 {Sorensen,
J-Mortensen,E,DEN-ch 1991-TD 91_06}) (7. Qd2 Bg4 8. d5 Bxf3 9. gxf3 Nb8 10.
O-O-O c6 11. Kb1 Nbd7 12. h4 Nh5 13. f5 Qa5 14. Rg1 Rfc8 15. Bh6 Bxc3 $1 16.
Qxc3 Qxc3 17. bxc3 cxd5 18. Rxd5 Nhf6 $15 {_|_ק,Bologan,V-Asanov,B,Manila olm
1992}) 7... e6 8. h3 {N} (8. Qd2 Ne7 9. O-O-O b6 10. e5 Nfd5 11. Nxd5 Nxd5 12.
Bf2 Bb7 13. h4 f6 14. c4 Ne7 15. exf6 Bxf6 16. h5 b5 17. hxg6 Nxg6 18. Be3 Qd7
$13 {Mikhalchisin,A-Beim,V,Groningen op 1990-CBM 22}) (8. O-O Ne7 9. Nd2 b6 10.
Bf3 c5 11. Nb3 cxd4 12. Nxd4 Bb7 13. Qd2 a6 14. a4 Qc7 15. Rfd1 Rfd8 16. Qf2
Nd7 17. f5 exf5 18. exf5 Bxf3 $13 {Dam,R-Nijboer,F,Amsterdam OHRA II 1990-CBM
20}) 8... b6 9. g4 $6 Ne7 $1 10. g5 (10. Qd2 Bb7 11. e5 Nfd5 12. Nxd5 Nxd5 13.
Bf2 f6 $36) 10... Nh5 11. Rg1 c5 $36 12. Qd2 (12. dxc5 bxc5 {/\Rb8->} 13. Nh2
Bd4 $1 14. Bxd4 cxd4 15. Qxd4 Nxf4 16. Ng4 e5 $17) 12... cxd4 13. Nxd4 (13.
Bxd4 Bxd4 14. Nxd4 e5 15. fxe5 dxe5 16. Nf3 Qc7 $17) 13... e5 $17 14. Nf3 (14.
fxe5 dxe5 15. Nf3 Bxh3 $17) 14... Nxf4 (14... exf4 15. Bd4 Bxh3 $17) 15. Bxf4
exf4 16. O-O-O (16. Qxf4 Bxc3+ 17. bxc3 Qc7 $40 {->עe1}) 16... Be6 17. Qxf4 (
17. Qxd6 Qxd6 18. Rxd6 Bxh3 $19) 17... Bxc3 18. bxc3 Rc8 (18... Qc7 $6 19. Qxd6
Qxc3 20. Qxe7 Rac8 21. Bd3 $8 (21. Nd4 $2 Qa1+ $19) 21... Rfd8 22. Ne1 $1 $8 (
22. Rg2 Qa1+ 23. Kd2 Rxd3+ 24. cxd3 Qb2+ $19) 22... Bc4 23. Qf6 $16) 19. Qxd6
Qxd6 20. Rxd6 Rxc3 21. Kd2 Rc6 (21... Rfc8 $142 22. Nd4 Bxh3 23. Bd3 R3c7 24.
Nb5 Rd7 $17) 22. Rd3 (22. Rxc6 Nxc6 $17 {_|_ק}) 22... Rc5 (22... Bxa2 $5 23.
Ra3 (23. Rd7 Nc8 $17) (23. Ra1 Bc4 $17) (23. Ne5 Rc7 24. Nd7 Rfc8 $17) 23...
Bc4 24. Bxc4 (24. Rxa7 Nc8 $5 $17) 24... Rxc4 25. Rxa7 Rxe4 26. Re1 Rd8+ 27.
Kc1 Rxe1+ 28. Nxe1 Nf5 29. Nd3 $15) (22... Bxh3 $142 23. Nd4 (23. Ne5 Rc5)
23... Rd6 24. Nb5 Rxd3+ 25. cxd3 $15 {[+]~/=}) 23. Nd4 Bxa2 24. Ra1 Bc4 25. Rc3
$1 $15 Bxe2 26. Rxc5 bxc5 27. Nxe2 {קa7,c5} Nc6 28. Ra4 {/\Rc4} Re8 $8 29. Ke3
Kg7 (29... a5 30. Rc4 Re5 31. h4 {/\Nf4-d3}) 30. Nf4 h6 (30... Nd4 31. c3 Nb5
32. Nd5 $132) 31. gxh6+ Kxh6 32. Nd3 Kg7 33. Nxc5 Rh8 34. Ra6 $132 Rxh3+ 35.
Kd2 Ne5 36. Rxa7 g5 37. Rc7 (37. Nd3 Nc4+ 38. Kc3 Nd6 $36) 37... g4 38. Nd3 $1
$8 g3 (38... Nxd3 39. cxd3 g3 40. Rc1 $10) (38... Ng6 $5 $15 {/\g3,Nh4}) 39.
Nxe5 g2 40. Rxf7+ Kg8 41. Rf4 $1 g1=Q {[Stohl]} (41... g1=Q 42. Rg4+ Qxg4 43.
Nxg4 Kf7 $10) 1/2-1/2